000 00471nam a2200193Ia 4500
003 OSt
005 20221005124924.0
006 a|||||r|||| 00| 0
007 ta
008 221004b |||||||| |||| 00| 0 eng d
024 _a113030
037 _cTextual
040 _aCRL
_cCRL
_beng
041 _2eng
_aeng
100 _aDyson Ketki Kakhari
_9635973
245 0 _aNoton Nocheni Nayrastali
942 _cTEXL
_2cc
999 _c1052155
_d1052155